000 00663nam a2200181Ia 4500
008 151202s9999||||xx |||||||||||||| ||und||
082 _bPNVM-67640
100 _aहरकारे अरूण.
245 _aकीर्तिवंत राणी झांशीची.
260 _bमंगलदीप प्रकाशन पुणे.
260 _c67640
300 _a176
600 _aहरकारे अरूण.
630 _aकीर्तिवंत राणी झांशीची.
700 _aहरकारे अरूण.
730 _aकीर्तिवंत राणी झांशीची.
942 _cBOOK
999 _c1334169
_d1334166